000 00442nam a2200181Ia 4500
008 230524s9999 xx 000 0 und d
020 _a8123911513
082 _a624.1773
_bWEA
100 _aWilliam Weaver
245 0 _aMatrix Analysis of Framed Structures
250 _a1
260 _aNew Delhi
_bCBS
_c2004
300 _a"vii,487p;"
500 _aQuantity Number: 2
650 _aCivil
700 _aJR. James M.Gere
942 _cBK
999 _c55333
_d55333